00964 2200349 4500001002100000005001500021035002000036007000300056040001700059100002500076245006600101250002000167300002900187020002200216041000800238082001100246084001700257090002200274264003900296336002100335337003000356338002300386500002900409650002300438850001000461008004100471504003000512990001800542990001800560990001800578990001800596INLIS00000000000517820260515015357 a0010-0222000268ta aSBPUPADbind0 aSjafrizalePengarang1 aPerencanaan Pembangunan Daerah dalam Era Otonomi /cSjafrizal a.-Ed. 1, Cet. 1 axviii, 406 hal. ;c24 cm a978-979-769-703-7 aind a307.14 a307.14 SJA p a297.577 PRI i 4-7 a.--Jakarta :bRajawali Pers,c2014 2rdacontentaTeks 2rdamediaaTanpa Perantara 2rdacarrieraVolume abiodata penulis, hlm 405 4apembangunan daerah aPUPAD260515 0  aBibliografi, hlm 399-404 a14152/BR.2014 a14151/BR.2014 a14150/BR.2014 a14149/BR.2014